Ponencia del Señor Presidente constitucional de la República, Ingeniero José Napoleón Duarte, ante el Consejo Argentino para las Relaciones Internacionales
Gardado en:
| Autor Principal: | |
|---|---|
| Formato: | Texto |
| Publicado: |
Buenos Aires:
s.e
|
| Etiquetas: |
Engadir etiqueta
Sen Etiquetas, Sexa o primeiro en etiquetar este rexistro!
|
MARC
| LEADER | 00000 a a2200000 04500 | ||
|---|---|---|---|
| 001 | 22447 | ||
| 003 | |||
| 040 | |||
| 090 | |a 153000 | ||
| 100 | |a Duarte, José Napoleón | ||
| 245 | |a Ponencia del Señor Presidente constitucional de la República, Ingeniero José Napoleón Duarte, ante el Consejo Argentino para las Relaciones Internacionales | ||
| 260 | |a Buenos Aires: |b s.e | ||
| 300 | |a 17 p. | ||
| 999 | |c 15975 |d 15975 | ||
